| 000 | 00803namaa22001811 4500 | ||
|---|---|---|---|
| 001 | 174012 | ||
| 003 | ES-MaACL | ||
| 005 | 20230906215420.0 | ||
| 008 | 100205s1907 sp r |||| | spa d | ||
| 100 | 1 |
_aÁlvarez Quintero, Serafín, _d1871-1938 _9226443 |
|
| 245 | 1 | 3 |
_aEl genio alegre _b: comedia en tres actos / _cde Serafín y Joaquín Álvarez Quintero. |
| 260 |
_aMadrid : _b[Sociedad de Autores Españoles], _c1907 ( _fR. Velasco) |
||
| 300 |
_a79 p. ; _c20 cm. |
||
| 500 | _aEn port.: Estrenada en el teatro Odeón de Buenos Aires, el 29 de setiembre de 1906. | ||
| 700 | 1 |
_aÁlvarez Quintero, Joaquín, _d1873-1944 _920922 |
|
| 852 |
_aES-MaACL _jF-8644(7) _z.- Enc. hol _z.- Enc. en un vol. facticio formando parte de la col. facticia "Teatro español moderno" v. 101 |
||
| 999 |
_c174012 _d174012 |
||